| 000 | 00537nam a22001937a 4500 | ||
|---|---|---|---|
| 003 | MPLRDC | ||
| 005 | 20220105061109.0 | ||
| 008 | 210129b ||||| |||| 00| 0 eng d | ||
| 020 | _aISSN-16082621 | ||
| 082 | _a050.8 GJDL v.07 2012 | ||
| 100 | _a潘思源 总编 | ||
| 245 |
_a国家地理杂志中文版. 7月号2012 _c |
||
| 250 | _a初版 | ||
| 260 |
_a台湾 _bNATIONAL GEOGRAPHIC SOCIETY _c2012 |
||
| 300 | _b平 | ||
| 520 | _a上架 2017-04-26。 | ||
| 650 | _a期刊--国家地理杂志 | ||
| 942 |
_cBK _o050.8 GJDL v.07 2012 |
||
| 999 |
_c68756 _d68746 |
||